Quebonafide - Elektryka (Blendtape) - Statystyki

Ogólne statystyki
  • Ten quiz został rozwiązany 4 razy
  • Średni wynik to 7 z 15
Statystyki odpowiedzi
Elektryka (Blendtape) % Poprawnych
Manekin
100%
Oh My Buddha
100%
Ciernie
50%
Euforia
50%
Intro
50%
Jeruzalem
50%
Panczeon
50%
Pareidolia
50%
Pijmy Wino Za Kolegów
50%
Powszechny i Śmiertelny
50%
Prowo
50%
Cotidie Morimur
0%
Czeszę Umysł
0%
Eden Hazard
0%
Za długo już
0%
Nie znaleziono quizów pasujących do podanych kryteriów
Rozkład punktacji
Procent ludzi z każdym wynikiem
Percentyl według liczby udzielonych odpowiedzi
Twoja historia wyników
Nie rozwiązałeś tego quizu